مكتبة جامعة عجلون الوطنية

فهرس بحث المكتبة

البشر في شرح عقد البيع وفقاً لقانون المعاملات المدنية الاماراتي الاتحادي" مدعماً بأحدث التطبيقات القضائية" / (Record no. 33683)

MARC details
000 -LEADER
fixed length control field 00943nam a22002057a 4500
003 - CONTROL NUMBER IDENTIFIER
control field JO-AjAnu
005 - DATE AND TIME OF LATEST TRANSACTION
control field 20240909140839.0
008 - FIXED-LENGTH DATA ELEMENTS--GENERAL INFORMATION
fixed length control field 240909b jo ||||| |||| 00| 0 ara d
020 ## - INTERNATIONAL STANDARD BOOK NUMBER
International Standard Book Number 9789948746027
040 ## - CATALOGING SOURCE
Original cataloging agency JO-AjAnu
Language of cataloging ara
Transcribing agency JO-AjAnu
Description conventions rda
041 ## - LANGUAGE CODE
Language code of text/sound track or separate title ara
Language code of original ara
050 ## - LIBRARY OF CONGRESS CALL NUMBER
Classification number .K1001
Item number M65 2024
100 #1 - MAIN ENTRY--PERSONAL NAME
Personal name المومني، بشار طلال
9 (RLIN) 47380
Relator term مؤلف
245 #0 - TITLE STATEMENT
Title البشر في شرح عقد البيع وفقاً لقانون المعاملات المدنية الاماراتي الاتحادي" مدعماً بأحدث التطبيقات القضائية" /
Statement of responsibility, etc. تأليف بشار طلال المومني
260 ## - PUBLICATION, DISTRIBUTION, ETC.
Place of publication, distribution, etc. دبي، القاهرة:
Name of publisher, distributor, etc. دار النهضة العلمية للنشر والتوزيع،
Date of publication, distribution, etc. 2024
300 ## - PHYSICAL DESCRIPTION
Extent 218 صفحة
504 ## - BIBLIOGRAPHY, ETC. NOTE
Bibliography, etc. note يحتوي على مراجع، يحتوي على ملاحق
650 70 - SUBJECT ADDED ENTRY--TOPICAL TERM
Topical term or geographic name entry element عقد البيع-القانون الاماراتي
9 (RLIN) 66201
942 ## - ADDED ENTRY ELEMENTS (KOHA)
Source of classification or shelving scheme Library of Congress Classification
Koha item type Books
Suppress in OPAC No
Holdings
Withdrawn status Lost status Source of classification or shelving scheme Damaged status Not for loan Home library Current library Date acquired Total Checkouts Full call number Barcode Date last seen Price effective from Koha item type
    Library of Congress Classification     مكتبة جامعة عجلون الوطنية مكتبة جامعة عجلون الوطنية 09/09/2024   K1001.M65 2024 a30012 09/09/2024 09/09/2024 Books